<?xml version='1.0' encoding='UTF-8'?>
  <record xmlns="http://www.loc.gov/MARC21/slim">
    <leader>00000cam a22000007i 4500</leader>
    <controlfield tag="001">ocm68526228</controlfield>
    <controlfield tag="003">OCoLC</controlfield>
    <controlfield tag="005">20240727121241.3</controlfield>
    <controlfield tag="008">970109s1593    gw a          000 0 lat d</controlfield>
    <datafield tag="040" ind1=" " ind2=" ">
      <subfield code="a">NLGGC</subfield>
      <subfield code="b">eng</subfield>
      <subfield code="e">rda</subfield>
      <subfield code="c">NLGGC</subfield>
      <subfield code="d">QGJ</subfield>
      <subfield code="d">OCLCQ</subfield>
      <subfield code="d">OCLCO</subfield>
      <subfield code="d">OCLCL</subfield>
      <subfield code="d">OCLCA</subfield>
    </datafield>
    <datafield tag="029" ind1="0" ind2=" ">
      <subfield code="a">NLGGC</subfield>
      <subfield code="b">154371858</subfield>
    </datafield>
    <datafield tag="035" ind1=" " ind2=" ">
      <subfield code="a">(OCoLC)68526228</subfield>
    </datafield>
    <datafield tag="100" ind1="1" ind2=" ">
      <subfield code="a">Boissard, Jean Jacques,</subfield>
      <subfield code="d">1528-1602,</subfield>
      <subfield code="e">author,</subfield>
      <subfield code="e">designer.</subfield>
      <subfield code="4">aut</subfield>
      <subfield code="4">dsr</subfield>
      <subfield code="1">https://id.oclc.org/worldcat/entity/E39PBJqFP9FJB7xFFTxqwkJCcP</subfield>
    </datafield>
    <datafield tag="245" ind1="1" ind2="0">
      <subfield code="a">Jani Jacobi Boissardi Vesuntini Emblemata /</subfield>
      <subfield code="c">aus dem Latein verteutscht durch Teucrium Annaeum Privatum ; mit artlichen Kunststücken in Kupffer gestochen und von neuwem an Tag geben, durch Dieterich Bry von Lüttich.</subfield>
    </datafield>
    <datafield tag="246" ind1="3" ind2=" ">
      <subfield code="a">Iani Iacobi Boissardi Vesvntini Emblemata</subfield>
    </datafield>
    <datafield tag="246" ind1="3" ind2="0">
      <subfield code="a">Emblemata</subfield>
    </datafield>
    <datafield tag="264" ind1=" " ind2="1">
      <subfield code="a">Franckfurt :</subfield>
      <subfield code="b">Durch Dieterich Bry von L|ttich, jetzt Burger zu Franckfurt,</subfield>
      <subfield code="c">1593.</subfield>
    </datafield>
    <datafield tag="300" ind1=" " ind2=" ">
      <subfield code="a">16 unnumbered pages, 103 pages :</subfield>
      <subfield code="b">illustrations ;</subfield>
      <subfield code="c">20 cm</subfield>
    </datafield>
    <datafield tag="336" ind1=" " ind2=" ">
      <subfield code="a">text</subfield>
      <subfield code="b">txt</subfield>
      <subfield code="2">rdacontent</subfield>
    </datafield>
    <datafield tag="336" ind1=" " ind2=" ">
      <subfield code="a">still image</subfield>
      <subfield code="b">sti</subfield>
      <subfield code="2">rdacontent</subfield>
    </datafield>
    <datafield tag="337" ind1=" " ind2=" ">
      <subfield code="a">unmediated</subfield>
      <subfield code="b">n</subfield>
      <subfield code="2">rdamedia</subfield>
    </datafield>
    <datafield tag="338" ind1=" " ind2=" ">
      <subfield code="a">volume</subfield>
      <subfield code="b">nc</subfield>
      <subfield code="2">rdacarrier</subfield>
    </datafield>
    <datafield tag="340" ind1=" " ind2=" ">
      <subfield code="m">4to</subfield>
      <subfield code="2">rdabf</subfield>
    </datafield>
    <datafield tag="500" ind1=" " ind2=" ">
      <subfield code="a">Frontispiece from the Latin edition with an overlay of German text.</subfield>
    </datafield>
    <datafield tag="500" ind1=" " ind2=" ">
      <subfield code="a">Includes a Dedication, with coat of arms to Fürst Bishof Julius of Würzburg--pages [iii-vi].</subfield>
    </datafield>
    <datafield tag="500" ind1=" " ind2=" ">
      <subfield code="a">"Vorrede", verso laudatory poem by P. Melissus in German.</subfield>
    </datafield>
    <datafield tag="500" ind1=" " ind2=" ">
      <subfield code="a">Verso portrait of the author within a cartouche with laudatory poem in German by P. Lepidus.</subfield>
    </datafield>
    <datafield tag="500" ind1=" " ind2=" ">
      <subfield code="a">Laudatory poem by Ph. Lazaeus in German.</subfield>
    </datafield>
    <datafield tag="500" ind1=" " ind2=" ">
      <subfield code="a">On page [i] a large copperplate with Greek text engraved. The same 51 copperplates as in the Latin edition.</subfield>
    </datafield>
    <datafield tag="500" ind1=" " ind2=" ">
      <subfield code="a">The translator is J.A. Lonicer.</subfield>
    </datafield>
    <datafield tag="500" ind1=" " ind2=" ">
      <subfield code="a">Imprint: Mit artlichen Kunststücken in Kupffer gestochen und von neuwem an Tag geben, durch Dieterich Bry von Lüttich, jetzt Burger zu Franckfurt. 1593.</subfield>
    </datafield>
    <datafield tag="500" ind1=" " ind2=" ">
      <subfield code="a">Illustrations in intaglio printing.</subfield>
    </datafield>
    <datafield tag="510" ind1="4" ind2=" ">
      <subfield code="a">Landwehr, J. German emblem books 1531-1888,</subfield>
      <subfield code="c">134</subfield>
    </datafield>
    <datafield tag="510" ind1="4" ind2=" ">
      <subfield code="a">Verzeichnis der im deutschen Sprachbereich erschienenen Drucke des XVI. Jahrhunderts (VD 16),</subfield>
      <subfield code="c">1, B 6458</subfield>
    </datafield>
    <datafield tag="700" ind1="1" ind2=" ">
      <subfield code="a">Bry, Theodor de,</subfield>
      <subfield code="d">1528-1598,</subfield>
      <subfield code="e">printer,</subfield>
      <subfield code="e">engraver.</subfield>
      <subfield code="4">prt</subfield>
      <subfield code="4">egr</subfield>
      <subfield code="1">https://id.oclc.org/worldcat/entity/E39PBJmtwCQhK3jbgqxFbctHYP</subfield>
    </datafield>
    <datafield tag="700" ind1="1" ind2=" ">
      <subfield code="a">Privatus, Teucrius Annaeus,</subfield>
      <subfield code="d">1557-approximately 1610,</subfield>
      <subfield code="e">translator.</subfield>
      <subfield code="4">trl</subfield>
      <subfield code="1">https://id.oclc.org/worldcat/entity/E39PCjG8mWq6vhxgFtgrykCfMd</subfield>
    </datafield>
    <datafield tag="700" ind1="0" ind2=" ">
      <subfield code="a">Julius Echter,</subfield>
      <subfield code="c">von Mespelbrunn, Prince-Bishop of Würzburg,</subfield>
      <subfield code="d">1545-1617,</subfield>
      <subfield code="e">dedicatee.</subfield>
      <subfield code="4">dte</subfield>
      <subfield code="1">https://id.oclc.org/worldcat/entity/E39PBJvMw9wJR3TxV9QTGwXTpP</subfield>
    </datafield>
    <datafield tag="700" ind1="1" ind2=" ">
      <subfield code="a">Lazaea, Philippa,</subfield>
      <subfield code="d">1546-1576,</subfield>
      <subfield code="e">contributor.</subfield>
      <subfield code="4">ctb</subfield>
      <subfield code="1">https://id.oclc.org/worldcat/entity/E39PCjHbWKc9vD3kp48h3Mxtw3</subfield>
    </datafield>
    <datafield tag="700" ind1="1" ind2=" ">
      <subfield code="a">Joly, Pierre,</subfield>
      <subfield code="d">1533-1622,</subfield>
      <subfield code="e">contributor.</subfield>
      <subfield code="4">ctb</subfield>
      <subfield code="1">https://id.oclc.org/worldcat/entity/E39PCjG88tf8KByvXy4tRTqwBX</subfield>
    </datafield>
    <datafield tag="700" ind1="1" ind2=" ">
      <subfield code="a">Melissus, Paulus,</subfield>
      <subfield code="d">1539-1602,</subfield>
      <subfield code="e">contributor.</subfield>
      <subfield code="4">ctb</subfield>
      <subfield code="1">https://id.oclc.org/worldcat/entity/E39PBJccfjTM3BmBQhF3MQjt8C</subfield>
    </datafield>
    <datafield tag="752" ind1=" " ind2=" ">
      <subfield code="a">Germany</subfield>
      <subfield code="d">Frankfurt,</subfield>
      <subfield code="e">publication place.</subfield>
      <subfield code="4">pup</subfield>
    </datafield>
    <datafield tag="758" ind1=" " ind2=" ">
      <subfield code="i">has work:</subfield>
      <subfield code="a">Jani Jacobi Boissardi Vesuntini Emblemata (Text)</subfield>
      <subfield code="1">https://id.oclc.org/worldcat/entity/E39PCGVtrvJv6Ym8BYMcHyG8RX</subfield>
      <subfield code="4">https://id.oclc.org/worldcat/ontology/hasWork</subfield>
    </datafield>
  </record>